| 000 | 01475nam0a2200373 4500 | ||
|---|---|---|---|
| 001 | RU\NLR\BIBL_A\012277296 | ||
| 005 | 20200717112247.0 | ||
| 010 |
_a978-5-17-120009-1 _94000 |
||
| 021 |
_aRU _bКН-П-20-009737 _9КН-П-20-0755 |
||
| 035 | _a(NLR Aleph) 012277296 | ||
| 035 | _a(RuMoRGB)010281969 | ||
| 090 |
_a11199327 _c11199327 |
||
| 100 | _a20200622d2020 k y0rusy50 ca | ||
| 101 | 0 | _arus | |
| 102 | _aRU | ||
| 105 | _aac||z|||000zy | ||
| 181 | 0 |
_ai _baxxe |
|
| 182 | 0 | _an | |
| 200 | 1 |
_aБлудливое Средневековье _eбытовые очерки западноевропейской культуры _fЕкатерина Мишаненкова |
|
| 203 |
_aТекст _bвизуальный _cнепосредственный |
||
| 210 |
_aМосква _cАСТ _cВремена _d2020 [т.е. 2019] |
||
| 215 |
_a333, [1] с., [16] л. цв. ил., портр. _cтабл. _d22 |
||
| 225 | 1 | _aИстория и наука Рунета | |
| 300 | _aКн. фактически изд. в 2019 г. | ||
| 320 | _aБиблиогр.: с. 326-334 | ||
| 333 | _a16+ | ||
| 606 | 1 |
_aБыт и нравы _xИстория _zСредние века _2nlr_sh1 _2nlr_sh2 _3RU\NLR\AUTH\661323777 |
|
| 686 | 1 | _aТ3(0)4-75 | |
| 700 | 1 |
_aМишаненкова _bЕ. А. _gЕкатерина Александровна |
|
| 942 | _cBOOK | ||
| 980 | _aNBR | ||
| 980 | _aNB | ||